| 000 | 03099nam a2200589 i 4500 | ||
|---|---|---|---|
| 001 | 196986 | ||
| 003 | ES-MaACL | ||
| 005 | 20250810063100.0 | ||
| 006 | m o d | | ||
| 007 | cr cnu|||||||| | ||
| 008 | 250218s2013 mx gob 000 0 spa d | ||
| 020 | _a9786074622591 | ||
| 035 | _a(CKB)5420000000429883 | ||
| 035 | _a(MiAaPQ)EBC6917685 | ||
| 035 | _a(OCoLC)1298601507 | ||
| 035 | _a(FINmELB)ELB193649 | ||
| 035 | _a(EXLCZ)995420000000429883 | ||
| 040 |
_aFINmELB _bspa _erda _cFINmELB |
||
| 050 | 4 |
_aPQ6039 _b.X573 2013 |
|
| 082 | 0 |
_a960.609 _222 |
|
| 100 | 1 |
_aXirau, Ramón, _d1924-2017 _9117518 _eaut |
|
| 245 | 1 | 0 |
_aOtras Españas : _bantología sobre literatura del exilio / _cRamón Xirau ; selección y advertencia, Adolfo Castañón. |
| 250 | _aPrimera edición, 2011 | ||
| 264 | 1 |
_aMéxico, D.F. : _bEl Colegio de México, _c2013. |
|
| 300 |
_a395 páginas ; _c22 cm. |
||
| 336 |
_atexto _btxt _2rdacontent |
||
| 337 |
_asin mediación _2rdamedia |
||
| 338 |
_avolumen _2rdacarrier |
||
| 490 | 1 | _aColección Testimonios | |
| 500 | _aIncluye índices. | ||
| 504 | _aIncluye referencias bibliográficas. | ||
| 520 | _aEste volumen refrenda a Ramón Xirau, no sólo como un hombre-puente, para saludarlo con la voz que le dedicó Octavio Paz, sino como un caso singular de la persona que se funde con su edad a través de sus letras. La presente analecta aspira a recoger en un solo haz la dispersa y fecunda tarea crítica y periodística que el poeta-filósofo tanto como el cronista y memorialista ha sabido ir dejando sembrada en las páginas de periódicos y revistas publicados en México. Además de rendir tributo al pertinaz lector de lo peninsular e hispánico, de lo europeo y mediterráneo que ha sabido ser Ramón Xirau, esta reunión aspira además a transmitir una cierta idea de la cultura vivida desde el exilio de y entre las otras Españas. | ||
| 588 | _aDescripción basada en metadatos suministrados por el editor y otras fuentes. | ||
| 600 | 0 |
_aXirau, Ramón, _d1924-2017- _xCrítica e interpretación _9239767 |
|
| 600 | 1 | 4 |
_aMachado, Antonio, _d1875-1939 _975151 |
| 600 | 1 | 4 |
_aOrtega y Gasset, José, _d1883-1955 _987503 |
| 600 | 1 | 4 |
_aJiménez, Juan Ramón, _d1881-1958 _966417 |
| 600 | 1 | 4 |
_aCernuda, Luis, _d1902-1963 _937529 |
| 600 | 0 | 4 |
_aRius Badia, Luis _997514 |
| 600 | 0 | 4 |
_aUlacia, Manuel _9111912 |
| 650 | 4 |
_aLiteratura española- _xHistoria y crítica _914560 |
|
| 650 | 4 |
_aExiliados españoles- _xHistoria _912672 |
|
| 650 | 0 |
_aLiteratura española- _xPaíses extranjeros- _xHistoria y crítica _9239772 |
|
| 650 | 7 |
_aLiteratura española- _yS.XX- _xHistoria y crítica _9141686 |
|
| 650 | 0 |
_aAutores españoles- _xPaíses extranjeros _9239773 |
|
| 700 |
_aCastañón, Adolfo, _d1952- _9239774 _epbl |
||
| 852 |
_aES-MaACL _cDEPOJ _jN-10364 _xEncuadernación rústica con solapas _9206486 _hDonación: Editorial |
||
| 942 |
_cMONOGRAFIA _n0 |
||
| 999 |
_c196986 _d196986 |
||